000 00417nam a2200181Ia 4500
001 17474
005 20260306171520.0
008 260306s9999||||xx |||||||||||||| ||und||
041 _aESP
082 _a658
_bK75
100 _aKoontz, Harol
_eAUT
245 0 _aElementos de administración
260 _c1990
300 _a656 páginas :
_c23 cm.
650 _aGEN
654 _aCAN
942 _cLIB
_dJUS
_fJUS
_2ddc
_n
999 _c17474
_d17474